00694nam a2200181Ia 4500003000900000008004100009020002200050040001600072080002500088100001900113245017600132260007200308300002300380650003300403650003400436700002400470700001800494IN-BaIIA211028s9999 xx 000 0 eng d a978-0-8194-7220-5 cIIA Library a535(082.1)bSPI-7010 aOschmann, J. M 0aSpace telescopes and instrumentation 2008boptical, infrared and millimetercJ. M. Oschmann,M. W. M de Graauw and H. A MacEwen  aWashingtonbThe International Society for Optical Engineeringc2008 a[various pagings.] aInstrumentation - congresses aSpace telescopes - congresses ade Graauw, M. W. M. aMacEwen, H. A